Convert Measurements Quiz - Statistics

General Stats
  • This quiz has been taken 16 times
  • The average score is 9 of 15
Answer Stats
Hint Answer % Correct
How many inches are in a foot? 12
100%
How many feet are in a yard? 3
93%
How many inches are in a yard? 36
87%
How many cups are in a quart? 4
87%
How many quarts are in a gallon? 4
87%
How many cups are in a pint? 2
80%
How many fluid ounces are in a cup? 8
80%
How many kilometers are in a mile? 1.6
73%
How many fluid ounces are in a gallon? 128
60%
How many yards are in a mile? 1,760
40%
How many feet are in a mile? 5,280
40%
How many centimeters are in a foot? 30.48
27%
How many centimeters are in a yard? 91.44
27%
How many square feet is an acre? 43,560
20%
How many square yards are in an acre? 4,840
20%
No matching quizzes found
Score Distribution
Percent of People with Each Score
Percentile by Number Answered
Your Score History
You have not taken this quiz